000
00273nam a22001337a 4500
003
SGT
082
_a
615.532
_b
P15C
100
_a
CLARKE, J.H.
245
_a
THE PRESCRIBER
260
_a
INDIA
_b
B.JAIN PUB
_c
2015
300
_a
346
650
_a
HOMEOPATHIC
942
_2
ddc
_c
BK
999
_c
20380
_d
20380